مكتبة جامعة عجلون الوطنية

فهرس بحث المكتبة

Normal view MARC view
  • الصبر-قصص الانبياء

Entry Topical Term

Number of records used in: 1

001 - CONTROL NUMBER

  • control field: 12963

003 - CONTROL NUMBER IDENTIFIER

  • control field: JO-AjAnu

005 - DATE AND TIME OF LATEST TRANSACTION

  • control field: 20230606072357.0

008 - FIXED-LENGTH DATA ELEMENTS

  • fixed length control field: 230606|| aca||aabn | a|a d

040 ## - CATALOGING SOURCE

  • Original cataloging agency: JO-AjAnu
  • Transcribing agency: JO-AjAnu

150 ## - HEADING--TOPICAL TERM

  • Topical term or geographic name entry element: الصبر-قصص الانبياء

670 ## - SOURCE DATA FOUND

  • Source citation: Work cat.: (JO-AjAnu)6670: الحازمي،ابراهيم بن عبد الله, author 12962, الفرج بعد الشدة والضيقة :قصص واقعية للانبياء والرسل،للصحابة والتابعين،للمتقدمين والمتأخرين والمعاصرين، ج7